000 00848nam a2200241 a 4500
001 000014101
003 DO-SdBNP
005 20211129094510.0
008 091204s2009 dr a 000 j spa d
020 _a9789945406955
040 _aDO-SdBNP
_bspa
_cBNPHU
082 4 _aRD863.5
_bJ93L
_222
245 0 0 _aJueves literarios :
_bantología de los escritores de Sosúa /
_cedición Ramón Gil.
260 _aSanto Domingo :
_bAlfa y Omega,
_c2009.
300 _a139 p. :
_bil. ;
_c22 cm.
590 _aInventarido, 2019/VM
650 4 _aCuentos dominicanos
_9503
_vColecciones
650 4 _aLiteratura dominicana
_9352
_vColecciones
650 4 _aContemporáneos (grupo de escritores)
_zSosúa (República Dominicana)
_vBiografías
_931915
700 1 _aGil, Ramón,
_eed.
_931916
910 _aValidado. Control de calidad MMOLINA
942 _2ddc
_cLBS1
999 _c13703
_d13703